000
00336nam a2200145Ia 4500
008
150201s2005 xx 000 0 und d
082
_a
611
_b
H2005S
100
_a
SINGH,INDERBIR
245
_a
HUMAN EMBRYOLOGY
250
_a
7TH
260
_b
MACMILLAN
_a
U.S.A
_c
2005
300
_a
1-391
650
_a
HUMAN EMBRYOLOGY
942
_2
ddc
_c
BK
999
_c
3985
_d
3985